Statistics for Generator Puzzle #27

Click here to take the quiz!

General Stats

  • This quiz has been taken 700 times
  • The average score is 13 of 21

Answer Stats

HintAnswer% Correct
A genie's grantWish
96%
WealthyRich
95%
Part of a candleWick
91%
Speak in a hushed mannerWhisper
87%
Bird soundChirp
85%
Flog with a lashWhip
83%
Munch, masticateChew
82%
Mountain trail walkerHiker
82%
Row of seats at churchPew
79%
1990s Wannabe girlsSpice
70%
Long, heroic poemEpic
65%
Turn a lightbulbScrew
62%
Forceful volleyball hitSpike
60%
Scream in terrorShriek
59%
Trendy body part?Hip
52%
Church steepleSpire
52%
Bird's roosting rodPerch
41%
Petruchio tamed herShrew
38%
9-Letter WordSHIPWRECK
28%
Suffer deathPerish
24%
Secret codeCipher
17%

Score Distribution

Percentile by Number Answered

Percent of People with Each Score

Your Score History

You have not taken this quiz